32_島根県の市町村(ひらがな対応・五十音順) - Statistics

General Stats
  • This quiz has been taken 22 times
  • The average score is 18 of 19
Answer Stats
種類 市町村名 % Correct
飯南町
100%
出雲市
100%
雲南市
100%
大田市
100%
邑南町
100%
隠岐の島町
100%
江津市
100%
知夫村
100%
西ノ島町
100%
浜田市
100%
益田市
100%
松江市
100%
安来市
100%
海士町
94%
奥出雲町
94%
津和野町
94%
川本町
88%
美郷町
88%
吉賀町
81%
No matching quizzes found
Score Distribution
Percent of People with Each Score
Percentile by Number Answered
Your Score History
You have not taken this quiz